[Event "13. OIBM 2009"]
[Site "Bad Wiessee"]
[Date "2009.11.03"]
[Round "4.1"]
[White "Krivoborodov, Egor"]
[Black "Rozentalis, Eduardas"]
[Result "1/2-1/2"]
[WhiteElo "2453"]
[BlackElo "2603"]
[PlyCount "41"]
[EventDate "2009.10.31"]

1. e4 Nf6 2. e5 Nd5 3. d4 d6 4. Nf3 Bg4 5. Be2 c6 6. h3 Bxf3 7. Bxf3 dxe5 8.
dxe5 Qc7 9. e6 Qe5+ 10. Qe2 Qxe6 11. Qxe6 fxe6 12. O-O Na6 13. Re1 Nc5 14. b3
g6 15. Bb2 Rg8 16. Nd2 Bg7 17. Bxg7 Rxg7 18. Ne4 Nxe4 19. Rxe4 Nc7 20. Rd1 Rd8
21. Rxd8+ 1/2-1/2

[Event "13. OIBM 2009"]
[Site "Bad Wiessee"]
[Date "2009.11.03"]
[Round "4.2"]
[White "Pezerovic, Edin"]
[Black "Iordachescu, Viorel"]
[Result "0-1"]
[WhiteElo "2447"]
[BlackElo "2607"]
[PlyCount "132"]
[EventDate "2009.10.31"]

1. d4 Nf6 2. Nf3 g6 3. g3 Bg7 4. Bg2 d5 5. O-O O-O 6. Nbd2 a5 7. a4 Nc6 8. c3
Re8 9. Re1 e5 10. dxe5 Nxe5 11. Nxe5 Rxe5 12. Nf3 Re8 13. Bg5 h6 14. Bxf6 Bxf6
15. Nd4 Kg7 16. Qb3 c6 17. Rad1 Qc7 18. e3 h5 19. h4 Bg4 20. Rc1 Re7 21. Qc2
Rae8 22. Qd2 Qb6 23. Kh2 Kg8 24. Rb1 Qd8 25. Kg1 Bg7 26. Rbc1 Bh6 27. Kh2 Qd6
28. b4 Qd8 29. b5 c5 30. Nb3 b6 31. Qxd5 Rd7 32. Qc6 Rd6 33. Qb7 Be6 34. Na1
Bg7 35. Qf3 Bg4 36. Qb7 Rd2 37. Rf1 Re7 38. Qc6 Re6 39. Qb7 Re7 40. Qc6 Re6 41.
Qb7 Rf6 42. f4 Re6 43. Rfe1 Re7 44. Qc6 Rd6 45. Qa8 Qxa8 46. Bxa8 Rd3 47. e4
Bxc3 48. Rf1 Rd2+ 49. Kh1 Bxa1 50. Rxa1 Red7 51. Bd5 Kf8 52. Kg1 f5 53. Rf2 Rd4
54. Bc6 Rd8 55. e5 Rd3 56. Kh2 R8d4 57. Raa2 Ke7 58. Bg2 Bd1 59. Bf1 Rc3 60.
Rfd2 Bb3 61. Rxd4 cxd4 62. Ra3 Bc2 63. Ra1 d3 64. Kg2 d2 65. Be2 Be4+ 66. Kf2
Rc1 0-1

[Event "13. OIBM 2009"]
[Site "Bad Wiessee"]
[Date "2009.11.03"]
[Round "4.3"]
[White "Roy Chowdhury, Saptarshi"]
[Black "Gupta, Abhijeet"]
[Result "0-1"]
[WhiteElo "2436"]
[BlackElo "2584"]
[PlyCount "68"]
[EventDate "2009.10.31"]

1. e4 c5 2. Nc3 d6 3. f4 Nc6 4. Nf3 g6 5. Bb5 Bd7 6. O-O Bg7 7. d3 a6 8. Bxc6
Bxc6 9. Qe1 Qd7 10. Kh1 Nh6 11. Bd2 b5 12. a3 f5 13. Ng5 Nf7 14. Nf3 O-O 15.
exf5 gxf5 16. Qh4 Rae8 17. Rae1 Kh8 18. Qh3 Rg8 19. Ng5 Nxg5 20. fxg5 e6 21.
Nd1 Qf7 22. Re2 Qg6 23. c3 Ref8 24. b4 c4 25. dxc4 bxc4 26. Qe3 e5 27. Qb6 Ba8
28. Qxa6 f4 29. Kg1 Rf5 30. h4 Qh5 31. Qxc4 Qxh4 32. Qd3 Rxg5 33. Be1 Qh6 34.
c4 Bf6 0-1

[Event "13. OIBM 2009"]
[Site "Bad Wiessee"]
[Date "2009.11.03"]
[Round "4.5"]
[White "Souleidis, Georgios"]
[Black "Milov, Leonid"]
[Result "0-1"]
[WhiteElo "2429"]
[BlackElo "2558"]
[PlyCount "80"]
[EventDate "2009.10.31"]

1. e4 c5 2. Nf3 e6 3. d4 cxd4 4. Nxd4 Nc6 5. Nc3 Qc7 6. Be3 a6 7. Qd2 Nf6 8.
O-O-O Bb4 9. f3 O-O 10. a3 Be7 11. g4 b5 12. g5 Nh5 13. Nce2 Na5 14. Ng3 e5 15.
Nxh5 exd4 16. Kb1 dxe3 17. Qd4 f6 18. gxf6 Bxf6 19. Nxf6+ gxf6 20. Qd5+ Kh8 21.
Qxa8 Nc6 22. a4 Rd8 23. Bxb5 Bb7 24. Rxd7 Qxd7 25. Bxc6 Bxa8 26. Bxd7 Rxd7 27.
Re1 Re7 28. Rxe3 f5 29. b4 Bc6 30. c4 Bxa4 31. Kb2 Bc6 32. Kc3 Kg7 33. Kd4 Kf6
34. e5+ Kg5 35. Kc5 Re6 36. Rd3 Ba8 37. Rd8 Bxf3 38. Rd6 Rxe5+ 39. Kd4 Re4+ 40.
Kc3 Be2 0-1

[Event "13. OIBM 2009"]
[Site "Bad Wiessee"]
[Date "2009.11.03"]
[Round "4.6"]
[White "Pirrot, Dieter"]
[Black "Parligras, Mircea Emilian"]
[Result "0-1"]
[WhiteElo "2421"]
[BlackElo "2547"]
[PlyCount "66"]
[EventDate "2009.10.31"]

1. e4 c5 2. c3 Nf6 3. e5 Nd5 4. d4 cxd4 5. Nf3 Nc6 6. Bc4 Nb6 7. Bb3 d5 8. exd6
Qxd6 9. O-O Be6 10. Na3 dxc3 11. Qe2 Bxb3 12. Nb5 Qb8 13. axb3 g6 14. Be3 Nc8
15. Qc4 cxb2 16. Ng5 e6 17. Rad1 Be7 18. Bf4 Nb6 19. Bxb8 Nxc4 20. Bf4 e5 21.
Nc7+ Kf8 22. Nxa8 exf4 23. bxc4 Bxg5 24. Nc7 f3 25. Nd5 Kg7 26. Nc3 Ne5 27. c5
Rc8 28. Rd5 Bf6 29. Ne4 Nc4 30. g4 a5 31. g5 Be5 32. Nd6 Bxd6 33. cxd6 a4 0-1

[Event "13. OIBM 2009"]
[Site "Bad Wiessee"]
[Date "2009.11.03"]
[Round "4.7"]
[White "Teske, Henrik"]
[Black "Weber, Ulrich"]
[Result "1-0"]
[WhiteElo "2545"]
[BlackElo "2407"]
[PlyCount "155"]
[EventDate "2009.10.31"]

1. d4 Nf6 2. c4 g6 3. g3 c6 4. Nf3 Bg7 5. Bg2 O-O 6. O-O d5 7. Nbd2 Nbd7 8. b3
a5 9. Bb2 Qb6 10. Qc2 a4 11. Bc3 Nb8 12. bxa4 Qa6 13. a5 Bf5 14. Qb3 dxc4 15.
Nxc4 Be6 16. Nfd2 Nbd7 17. Rfb1 Rab8 18. a4 Nd5 19. Bxd5 cxd5 20. Ne3 Nf6 21.
Qb5 Bd7 22. Qxa6 bxa6 23. Rb6 Ra8 24. Nb3 e6 25. Nc5 Bc8 26. Nc2 Nd7 27. Rb3
Rd8 28. e3 Bf8 29. Nd3 Ra7 30. Bb4 Rc7 31. Ra2 Bg7 32. Rab2 Rc4 33. Na3 Rc6 34.
Kg2 e5 35. Rc2 Rxc2 36. Nxc2 exd4 37. Nxd4 Ne5 38. Nxe5 Bxe5 39. Nc6 Re8 40.
Ne7+ Kg7 41. Nxd5 Bf5 42. Nb6 Bc7 43. f3 Rd8 44. Bc3+ Kh6 45. Rb4 g5 46. Rc4
Bb8 47. Bd4 Kg6 48. h3 h5 49. g4 hxg4 50. hxg4 Be6 51. Rc6 Rd6 52. Rc5 Rd8 53.
Kf2 Rd6 54. Be5 Rd8 55. Bxb8 Rxb8 56. f4 gxf4 57. exf4 Bb3 58. Rc6+ Kg7 59. g5
Rd8 60. Ke3 Rd1 61. Rc3 Ba2 62. f5 Rg1 63. Kf4 Bb1 64. Rf3 Rd1 65. Ke5 Re1+ 66.
Kd6 Rg1 67. g6 fxg6 68. fxg6 Rxg6+ 69. Kc5 Rg5+ 70. Kb4 Rg4+ 71. Kb3 Rg5 72.
Nc4 Be4 73. Rf4 Rg3+ 74. Kb4 Bc2 75. Nb6 Rg5 76. Nd7 Bd3 77. Nc5 Be2 78. Ne6+
1-0

[Event "13. OIBM 2009"]
[Site "Bad Wiessee"]
[Date "2009.11.03"]
[Round "4.8"]
[White "Telljohann, Sven"]
[Black "Kunin, Vitaly"]
[Result "0-1"]
[WhiteElo "2403"]
[BlackElo "2544"]
[PlyCount "48"]
[EventDate "2009.10.31"]

1. Nf3 Nf6 2. g3 b5 3. Bg2 Bb7 4. O-O e6 5. b3 Be7 6. c4 a6 7. Na3 c6 8. Bb2
O-O 9. d4 bxc4 10. bxc4 d5 11. Qb3 Nbd7 12. Qxb7 Rb8 13. Qxa6 Rb6 14. Qa4 Rxb2
15. Nb1 Nb6 16. Qd1 Nxc4 17. Ne1 Qa5 18. a4 Rfb8 19. Nd3 R2b3 20. Qc2 Nd7 21.
Rd1 Bf6 22. e3 c5 23. h4 cxd4 24. e4 Nb2 0-1

[Event "13. OIBM 2009"]
[Site "Bad Wiessee"]
[Date "2009.11.03"]
[Round "4.9"]
[White "Chernyshov, Konstantin"]
[Black "Forchert, Martin"]
[Result "0-1"]
[WhiteElo "2536"]
[BlackElo "2403"]
[PlyCount "146"]
[EventDate "2009.10.31"]

1. c4 c6 2. e4 d5 3. exd5 cxd5 4. cxd5 Nf6 5. Nc3 Nxd5 6. Bc4 Nb6 7. Bb3 Nc6 8.
Nf3 Bf5 9. d4 e6 10. O-O Be7 11. d5 exd5 12. Be3 O-O 13. Bxb6 Qxb6 14. Nxd5 Qd8
15. Nd4 Nxd4 16. Qxd4 Be6 17. Rad1 Bxd5 18. Bxd5 Bf6 19. Qe4 Qb6 20. b3 Rae8
21. Qf3 Re7 22. g3 g6 23. Bc4 Kg7 24. Rd5 Rd8 25. Rfd1 Rxd5 26. Rxd5 Re1+ 27.
Kg2 Qc6 28. a4 a6 29. g4 Re5 30. h3 a5 31. Rd3 Qxf3+ 32. Kxf3 h5 33. Rd7 hxg4+
34. hxg4 Re7 35. Rd5 Re5 36. Rd6 Re7 37. Bd5 Bd4 38. Bxb7 Bxf2 39. Kxf2 Rxb7
40. Rd5 Rxb3 41. Rxa5 Ra3 42. g5 f5 43. Ra7+ Kg8 44. a5 f4 45. a6 f3 46. Kg3
Kf8 47. Ra8+ Kg7 48. a7 Kh7 49. Rd8 Rxa7 50. Kxf3 Kg7 51. Ke4 Kf7 52. Ke5 Ra5+
53. Rd5 Ra7 54. Rb5 Re7+ 55. Kd6 Re6+ 56. Kd5 Re7 57. Rb6 Re1 58. Rb7+ Kf8 59.
Rb6 Kf7 60. Rf6+ Kg7 61. Re6 Rd1+ 62. Ke5 Re1+ 63. Kd6 Rd1+ 64. Ke7 Rd5 65. Re1
Rxg5 66. Ke6 Ra5 67. Rf1 g5 68. Rf5 Ra6+ 69. Ke5 Kg6 70. Rf1 Ra4 71. Rd1 g4 72.
Rd4 Rxd4 73. Kxd4 Kh5 0-1

[Event "13. OIBM 2009"]
[Site "Bad Wiessee"]
[Date "2009.11.03"]
[Round "4.10"]
[White "Ringoir, Tanguy"]
[Black "Brodsky, Michail"]
[Result "0-1"]
[WhiteElo "2399"]
[BlackElo "2530"]
[PlyCount "56"]
[EventDate "2009.10.31"]

1. e4 c5 2. Nc3 d6 3. f4 g6 4. Nf3 Bg7 5. Bb5+ Bd7 6. Bc4 Nc6 7. a3 e6 8. d3
Nge7 9. O-O O-O 10. Qe1 Nd4 11. Qf2 b5 12. Ba2 Nec6 13. Be3 a5 14. Nd1 b4 15.
c3 Nxf3+ 16. Qxf3 a4 17. Qf2 b3 18. Bb1 f5 19. e5 dxe5 20. Bxc5 Re8 21. fxe5
Nxe5 22. Ne3 Bb5 23. Rd1 Nd7 24. Bb4 e5 25. Qf3 Qb6 26. Kh1 Kh8 27. d4 exd4 28.
cxd4 Qa6 0-1

[Event "13. OIBM 2009"]
[Site "Bad Wiessee"]
[Date "2009.11.04"]
[Round "5.1"]
[White "Iordachescu, Viorel"]
[Black "Kunin, Vitaly"]
[Result "1-0"]
[WhiteElo "2607"]
[BlackElo "2544"]
[PlyCount "93"]
[EventDate "2009.10.31"]

1. e4 e5 2. Nf3 Nf6 3. d4 exd4 4. e5 Ne4 5. Qxd4 d5 6. exd6 Nxd6 7. Bd3 Nc6 8.
Qf4 Be7 9. O-O O-O 10. Nc3 Be6 11. Be3 Qd7 12. Rad1 Rad8 13. Ng5 h6 14. Nxe6
Qxe6 15. Qg3 Kh8 16. Rfe1 Nf5 17. Bxf5 Qxf5 18. Qxc7 Bb4 19. Rxd8 Nxd8 20. a3
Bxc3 21. Qxc3 Re8 22. h3 Nc6 23. Rd1 Kg8 24. Qb3 Re7 25. Qd3 Qf6 26. b4 a6 27.
c4 Ne5 28. Qe4 Nc6 29. Qc2 Qe5 30. Qb1 Qc7 31. Qf5 Ne5 32. Bf4 f6 33. c5 Re8
34. Bg3 Re7 35. h4 a5 36. h5 axb4 37. axb4 b6 38. cxb6 Qxb6 39. Qc8+ Kf7 40.
Bxe5 fxe5 41. Rd8 Rb7 42. Rf8+ Ke7 43. Re8+ Kf6 44. Qg4 Kf7 45. Rxe5 Rb8 46.
Qc4+ Kf8 47. Rf5+ 1-0

[Event "13. OIBM 2009"]
[Site "Bad Wiessee"]
[Date "2009.11.04"]
[Round "5.2"]
[White "Gupta, Abhijeet"]
[Black "Brodsky, Michail"]
[Result "1/2-1/2"]
[WhiteElo "2584"]
[BlackElo "2530"]
[PlyCount "44"]
[EventDate "2009.10.31"]

1. d4 Nf6 2. c4 e6 3. Nf3 b6 4. g3 Bb7 5. Bg2 Be7 6. O-O O-O 7. Re1 c5 8. d5
exd5 9. Nh4 Ne4 10. cxd5 Bxh4 11. Bxe4 Bf6 12. Qc2 h6 13. Bf4 d6 14. Na3 Ba6
15. Rad1 b5 16. Qc1 Re8 17. Bb1 Bg5 18. Bd3 c4 19. Bxg5 hxg5 20. Bf5 Nd7 21.
Nc2 Nc5 22. Nb4 Bb7 1/2-1/2

[Event "13. OIBM 2009"]
[Site "Bad Wiessee"]
[Date "2009.11.04"]
[Round "5.4"]
[White "Milov, Leonid"]
[Black "Naumann, Alexander"]
[Result "1/2-1/2"]
[WhiteElo "2558"]
[BlackElo "2522"]
[PlyCount "93"]
[EventDate "2009.10.31"]

1. e4 e5 2. Nf3 Nc6 3. Bb5 Nf6 4. O-O Nxe4 5. d4 Nd6 6. Bxc6 dxc6 7. dxe5 Nf5
8. Qxd8+ Kxd8 9. Nc3 h6 10. h3 Ne7 11. Rd1+ Ke8 12. Nd4 Bd7 13. Bf4 Ng6 14. Bg3
h5 15. e6 Bxe6 16. Nxe6 fxe6 17. Bxc7 Be7 18. Ne4 h4 19. Nd6+ Bxd6 20. Rxd6 Rc8
21. Ba5 Rh5 22. Bc3 Ke7 23. Rd4 Rd5 24. Re4 Kf7 25. Rae1 Re8 26. R1e3 Re7 27.
Kh2 Rf5 28. Be1 Nf4 29. Rf3 Ng6 30. Ra3 a6 31. f3 Rb5 32. b4 Rh5 33. Rd3 e5 34.
Bf2 Nf4 35. Rd2 Ke6 36. Be3 Nd5 37. Bf2 Nf4 38. Be3 Nd5 39. Bc5 Rd7 40. c4 Nf4
41. Rxd7 Kxd7 42. Re1 Rg5 43. Rd1+ Ke6 44. Rd6+ Kf5 45. Rd2 e4 46. fxe4+ Kxe4
47. Be7 1/2-1/2

[Event "13. OIBM 2009"]
[Site "Bad Wiessee"]
[Date "2009.11.04"]
[Round "5.5"]
[White "Parligras, Mircea Emilian"]
[Black "Nguyen, Piotr"]
[Result "1/2-1/2"]
[WhiteElo "2547"]
[BlackElo "2360"]
[PlyCount "81"]
[EventDate "2009.10.31"]

1. e4 e6 2. d4 d5 3. Nd2 c5 4. Ngf3 cxd4 5. exd5 Qxd5 6. Bc4 Qd6 7. O-O Nf6 8.
Nb3 Nc6 9. Nbxd4 Nxd4 10. Nxd4 a6 11. Bb3 Qc7 12. Qf3 Bd6 13. h3 O-O 14. Bg5 b5
15. Bxf6 gxf6 16. Qxf6 Be5 17. Qh4 Bb7 18. c3 Kh8 19. Bd1 Rg8 20. Bf3 Rg6 21.
Bxb7 Qxb7 22. f3 Rag8 23. g4 f5 24. Rae1 Qg7 25. Kg2 b4 26. Rf2 bxc3 27. bxc3
Rh6 28. Qxh6 Qxh6 29. Rxe5 Qc1 30. Rc2 Qd1 31. Rxe6 fxg4 32. hxg4 Qd3 33. Kg3
a5 34. Rc6 Qf1 35. Re2 Qg1+ 36. Kh3 Qh1+ 37. Kg3 Qg1+ 38. Kh3 Qh1+ 39. Kg3 Qg1+
40. Kf4 Qc1+ 41. Kg3 1/2-1/2

[Event "13. OIBM 2009"]
[Site "Bad Wiessee"]
[Date "2009.11.04"]
[Round "5.7"]
[White "Forchert, Martin"]
[Black "Burmakin, Vladimir"]
[Result "0-1"]
[WhiteElo "2403"]
[BlackElo "2599"]
[PlyCount "72"]
[EventDate "2009.10.31"]

1. e4 c6 2. d4 d5 3. Nc3 g6 4. Nf3 Bg7 5. h3 Nh6 6. Bf4 dxe4 7. Nxe4 Nf5 8. c3
O-O 9. Bd3 Nd6 10. Ng3 Nd7 11. O-O c5 12. dxc5 Nxc5 13. Bc2 Qb6 14. b4 Ne6 15.
Be5 Qc7 16. Qd5 Bd7 17. Bxg7 Nxg7 18. Qe5 Be6 19. Bb3 Rac8 20. Rac1 Nc4 21. Qe2
Bd5 22. Rfe1 Ne6 23. Bxc4 Qxc4 24. Qxc4 Bxc4 25. Re3 Rc7 26. Ne5 Rfc8 27. a4 a5
28. bxa5 Bb3 29. c4 Bxc4 30. Rd1 Ba6 31. Ne4 f6 32. Nf3 Rc1 33. Rxc1 Rxc1+ 34.
Kh2 Kf7 35. Nc3 Rf1 36. Kg3 Ng7 0-1

[Event "13. OIBM 2009"]
[Site "Bad Wiessee"]
[Date "2009.11.04"]
[Round "5.9"]
[White "Koepke, Christian"]
[Black "Kraai, Jesse"]
[Result "1/2-1/2"]
[WhiteElo "2365"]
[BlackElo "2526"]
[PlyCount "90"]
[EventDate "2009.10.31"]

1. e4 e6 2. d4 d5 3. Nc3 Nf6 4. e5 Nfd7 5. f4 c5 6. Nf3 Nc6 7. Be3 cxd4 8. Nxd4
Bc5 9. Qd2 O-O 10. O-O-O a6 11. Qf2 Bxd4 12. Bxd4 b5 13. Be3 Bb7 14. h4 f6 15.
exf6 Nxf6 16. Bc5 Rf7 17. Bd3 Nd7 18. Be3 Rc8 19. Be2 Nce5 20. Bd4 b4 21. Bxe5
Nxe5 22. Qe3 bxc3 23. Qxe5 cxb2+ 24. Kb1 Qb6 25. Rh3 d4 26. Rb3 Qc6 27. Rxb2
Qxg2 28. Qxe6 Rc6 29. Qe8+ Rf8 30. Bc4+ Rxc4 31. Qe6+ Kh8 32. Qxc4 Bf3 33. Rc1
Qd2 34. Qf7 Rg8 35. Qf5 Be2 36. Rb3 Bc4 37. Rb2 h6 38. Qg4 Re8 39. Rd1 Re1 40.
Rb8+ Bg8 41. Rxe1 Qxe1+ 42. Kb2 Qc3+ 43. Kb1 Qe1+ 44. Kb2 Qc3+ 45. Kb1 Qe1+
1/2-1/2

[Event "13. OIBM 2009"]
[Site "Bad Wiessee"]
[Date "2009.11.04"]
[Round "5.10"]
[White "Schmitz, Thorsten"]
[Black "Meins, Gerlef"]
[Result "0-1"]
[WhiteElo "2313"]
[BlackElo "2484"]
[PlyCount "90"]
[EventDate "2009.10.31"]

1. e4 c5 2. Nc3 Nc6 3. Bb5 Nd4 4. Bc4 e6 5. Nge2 Nxe2 6. Qxe2 Ne7 7. d3 Nc6 8.
f4 Be7 9. O-O O-O 10. a3 d6 11. Be3 Bd7 12. Qd2 Bf6 13. e5 dxe5 14. Bxc5 Be7
15. Bxe7 Qxe7 16. Rae1 exf4 17. Qxf4 e5 18. Qf2 Be6 19. Nd5 Qd7 20. Ne3 Bxc4
21. Nxc4 f6 22. Ne3 Nd4 23. c3 Ne6 24. Rd1 Rad8 25. d4 exd4 26. Nf5 d3 27. Qxa7
g6 28. Nd4 Nxd4 29. Qxd4 Qxd4+ 30. cxd4 Rxd4 31. Rf3 Rc8 32. Rxf6 Rc2 33. Rf2
d2 34. b3 Rc1 35. Rff1 Rc3 36. Rf3 Rc1 37. Rff1 Rc6 38. Rf2 Rcd6 39. Kf1 b6 40.
Rf3 Kg7 41. Ke2 h5 42. g3 g5 43. Rc3 g4 44. Rc2 Re4+ 45. Kf2 Rf6+ 0-1

[Event "13. OIBM 2009"]
[Site "Bad Wiessee"]
[Date "2009.11.05"]
[Round "6.1"]
[White "Jussupow, Artur"]
[Black "Iordachescu, Viorel"]
[Result "1/2-1/2"]
[WhiteElo "2566"]
[BlackElo "2607"]
[PlyCount "198"]
[EventDate "2009.10.31"]

1. d4 Nf6 2. c4 e6 3. Nc3 Bb4 4. e3 O-O 5. Nge2 d5 6. a3 Bd6 7. c5 Be7 8. b4 b6
9. Nf4 c6 10. Be2 a5 11. Bd2 Ba6 12. Nd3 Nbd7 13. O-O Bc4 14. Qc2 Qc7 15. Rfb1
axb4 16. axb4 g6 17. f3 Rfc8 18. Be1 Qd8 19. Bf2 Ne8 20. e4 Rxa1 21. Rxa1 Ra8
22. Qc1 Qc8 23. Nd1 Rxa1 24. Qxa1 Qa6 25. Qxa6 Bxa6 26. Nc3 Nc7 27. Bg3 Nb5 28.
Ne5 Nxe5 29. Bxb5 Bxb5 30. Bxe5 bxc5 31. dxc5 Bc4 32. exd5 exd5 33. Kf2 Kf8 34.
Ke3 Ke8 35. Kd4 Kd7 36. b5 cxb5 37. Nxd5 Bxd5 38. Kxd5 b4 39. c6+ Kc8 40. Kc4
h5 41. g4 Bf8 42. gxh5 gxh5 43. Bg3 Be7 44. Be1 b3 45. Kxb3 Kc7 46. Kc4 Kxc6
47. Kd4 Kd7 48. Kd5 Bd6 49. Bg3 Bb4 50. Ke5 Ke7 51. Kf5 Kf8 52. Kg5 Kg8 53. Be5
Bd2+ 54. Kxh5 Be3 55. Kg4 Bd2 56. Kf5 Bc1 57. Kf6 Bd2 58. f4 Be3 59. f5 Bd2 60.
Ke7 Be3 61. Bf6 Bc5+ 62. Ke8 Be3 63. h4 Bd2 64. Bg5 Bc3 65. h5 Bd4 66. Bh6 Bc3
67. Bf8 Bd4 68. h6 Bc3 69. Be7 Bd4 70. Bg5 Bc3 71. h7+ Kxh7 72. Kxf7 Bd4 73.
Bf6 Bf2 74. Be5 Bh4 75. Ke6 Bg5 76. Bd6 Be3 77. f6 Kg6 78. Bf8 Bd2 79. f7 Be3
80. Ke7 Bd2 81. Ke8 Be3 82. Bg7 Bc5 83. Bd4 Bb4 84. Bb6 Kf6 85. Bd8+ Ke6 86.
Bg5 Bc5 87. Bh6 Bb4 88. Bf8 Bd2 89. Bc5 Bh6 90. Be3 Bg7 91. Bd4 Bh6 92. Be3 Bg7
93. Bd4 Bh6 94. Bc3 Kd6 95. Bd2 Bg7 96. Bc1 Ke6 97. Bf4 Kf5 98. Bd6 Ke6 99. Bf8
Bc3 1/2-1/2

[Event "13. OIBM 2009"]
[Site "Bad Wiessee"]
[Date "2009.11.05"]
[Round "6.2"]
[White "Naumann, Alexander"]
[Black "Rozentalis, Eduardas"]
[Result "1/2-1/2"]
[WhiteElo "2522"]
[BlackElo "2603"]
[PlyCount "27"]
[EventDate "2009.10.31"]

1. d4 Nf6 2. c4 e6 3. g3 d5 4. Bg2 Be7 5. Nf3 O-O 6. O-O dxc4 7. Qc2 a6 8. a4
Bd7 9. Qxc4 Bc6 10. Bg5 Bd5 11. Qc2 Be4 12. Qc4 Bd5 13. Qc2 Be4 14. Qc4 1/2-1/2

[Event "13. OIBM 2009"]
[Site "Bad Wiessee"]
[Date "2009.11.05"]
[Round "6.3"]
[White "Burmakin, Vladimir"]
[Black "Siebrecht, Sebastian"]
[Result "1/2-1/2"]
[WhiteElo "2599"]
[BlackElo "2456"]
[PlyCount "71"]
[EventDate "2009.10.31"]

1. Nf3 Nf6 2. c4 c5 3. g3 b6 4. Bg2 Bb7 5. O-O g6 6. b3 Bg7 7. Bb2 O-O 8. d4
cxd4 9. Qxd4 d6 10. Nc3 Nbd7 11. Rfd1 Ne4 12. Qd3 Bxc3 13. Bxc3 Nxc3 14. Qxc3
Rc8 15. Qe3 Nf6 16. Rd4 Kg7 17. Rad1 Qc7 18. Ne1 Bxg2 19. Nxg2 Rfe8 20. Qd3 Qc5
21. Ne3 Qa3 22. Qb1 Rc7 23. Qa1 Kg8 24. Rf4 Qc5 25. Rxf6 exf6 26. Ng4 Rxe2 27.
Rd5 Qc6 28. Nxf6+ Kf8 29. Nxh7+ Kg8 30. Nf6+ Kf8 31. Ng4 Rc8 32. Qh8+ Ke7 33.
Qh4+ Kd7 34. Qh7 Ke7 35. Qh4+ Kd7 36. Qh7 1/2-1/2

[Event "13. OIBM 2009"]
[Site "Bad Wiessee"]
[Date "2009.11.05"]
[Round "6.4"]
[White "Meins, Gerlef"]
[Black "Gupta, Abhijeet"]
[Result "1/2-1/2"]
[WhiteElo "2484"]
[BlackElo "2584"]
[PlyCount "108"]
[EventDate "2009.10.31"]

1. d4 Nf6 2. c4 g6 3. Nc3 d5 4. Bf4 Bg7 5. e3 c5 6. dxc5 Qa5 7. Rc1 dxc4 8.
Bxc4 O-O 9. Nf3 Qxc5 10. Bb3 Qa5 11. O-O Nc6 12. h3 Bf5 13. Qe2 Ne4 14. Nd5 e5
15. Bh2 Nc5 16. Bc4 e4 17. Nd4 Nxd4 18. exd4 Nd3 19. Rc3 Qd8 20. g4 Be6 21.
Qxe4 Nxb2 22. Bb3 b5 23. Nc7 Qxd4 24. Qxd4 Bxd4 25. Rf3 Nc4 26. Rd1 Bb6 27.
Nxa8 Rxa8 28. Rc3 Rc8 29. Bf4 Bd8 30. Bxc4 Bxc4 31. Be5 Bb6 32. Rcc1 Re8 33.
Bd4 Bxd4 34. Rxd4 Bxa2 35. Ra1 Re2 36. Rd8+ Kg7 37. Ra8 Be6 38. R8xa7 Rb2 39.
Re1 Kf6 40. Re3 b4 41. Rb7 b3 42. Rb5 Ke7 43. Rb6 h6 44. Kf1 Kf6 45. Re2 Rb1+
46. Re1 Rxe1+ 47. Kxe1 Kg5 48. f3 Kh4 49. Kf2 Kxh3 50. Rb5 Bc4 51. Rb4 Bd5 52.
Rb6 Bc4 53. Rb4 Be6 54. Rb5 Bc4 1/2-1/2

[Event "13. OIBM 2009"]
[Site "Bad Wiessee"]
[Date "2009.11.05"]
[Round "6.5"]
[White "Nguyen, Piotr"]
[Black "Milov, Leonid"]
[Result "0-1"]
[WhiteElo "2360"]
[BlackElo "2558"]
[PlyCount "106"]
[EventDate "2009.10.31"]

1. d4 Nf6 2. c4 c5 3. d5 a6 4. Nf3 d6 5. Qc2 g6 6. e4 Bg7 7. Nc3 e6 8. a4 O-O
9. Bd3 exd5 10. cxd5 Nbd7 11. O-O Ng4 12. Nd2 Nde5 13. Be2 Qh4 14. h3 f5 15.
Ra3 g5 16. exf5 Bxf5 17. Qd1 Nh6 18. f3 Nd3 19. Bxd3 Bxd3 20. Ne2 c4 21. Ne4
Nf7 22. N2g3 Be5 23. f4 Bd4+ 24. Kh1 Nh6 25. Rxd3 cxd3 26. Qxd3 gxf4 27. Qxd4
fxg3 28. Nf6+ Rxf6 29. Qxf6 Qxf6 30. Rxf6 Re8 31. Rf1 Nf5 32. Kg1 Re5 33. Rd1
Re2 34. Rf1 Re5 35. Rd1 Kf7 36. Kf1 Ne3+ 37. Bxe3 Rxe3 38. Rd4 Rb3 39. Rf4+ Kg6
40. Ke2 h5 41. Re4 Kf5 42. Re6 Rxb2+ 43. Ke3 Rxg2 44. Kf3 Rd2 45. Kxg3 Rxd5 46.
Re7 b5 47. axb5 axb5 48. Kh4 Re5 49. Rd7 Ke6 50. Rb7 Rf5 51. Kg3 Rc5 52. Kh4
Kd5 53. Rb8 Kc6 0-1

[Event "13. OIBM 2009"]
[Site "Bad Wiessee"]
[Date "2009.11.05"]
[Round "6.7"]
[White "Teske, Henrik"]
[Black "Heinz, Axel"]
[Result "0-1"]
[WhiteElo "2545"]
[BlackElo "2436"]
[PlyCount "40"]
[EventDate "2009.10.31"]

1. d4 Nf6 2. Nf3 e6 3. c4 d5 4. Nc3 Bb4 5. Bg5 O-O 6. e3 Nbd7 7. Bd3 c5 8. O-O
cxd4 9. exd4 dxc4 10. Bxc4 b6 11. Rc1 Bb7 12. Qb3 Bxc3 13. Rxc3 Qb8 14. Re1 Ne4
15. Rce3 Nxg5 16. Nxg5 Qf4 17. Ne4 Rac8 18. Qa4 Bxe4 19. Rxe4 Qd6 20. Rxe6 fxe6
0-1

[Event "13. OIBM 2009"]
[Site "Bad Wiessee"]
[Date "2009.11.05"]
[Round "6.8"]
[White "Brodsky, Michail"]
[Black "Boguslavskyy, Oleg"]
[Result "0-1"]
[WhiteElo "2530"]
[BlackElo "2442"]
[PlyCount "88"]
[EventDate "2009.10.31"]

1. d4 d5 2. c4 c6 3. Nc3 Nf6 4. e3 g6 5. Nf3 Bg7 6. Be2 O-O 7. O-O Bg4 8. cxd5
cxd5 9. Qb3 b6 10. h3 Bc8 11. Ne5 Bb7 12. Bd2 Nbd7 13. f4 Ne8 14. a4 Nd6 15. a5
Nxe5 16. fxe5 Nc4 17. Bc1 Rc8 18. axb6 axb6 19. Ra7 Ba8 20. Qb4 Re8 21. Bf3 Bf8
22. Rxa8 Rxa8 23. Bxd5 e6 24. Qxc4 exd5 25. Nxd5 Rc8 26. Qb3 Bg7 27. Bd2 Re6
28. Bb4 Qd7 29. Bd6 Rc6 30. Kh1 Rcxd6 31. exd6 Rxd6 32. Nf4 Bh6 33. Nd3 Qe6 34.
Qa3 Bxe3 35. Ne5 Bxd4 36. Qa8+ Kg7 37. Rxf7+ Qxf7 38. Nxf7 Kxf7 39. Qb7+ Kf6
40. Qxh7 Be5 41. Qh4+ Kf7 42. Qf2+ Kg7 43. Qe1 Rd5 44. b3 Ra5 0-1

[Event "13. OIBM 2009"]
[Site "Bad Wiessee"]
[Date "2009.11.05"]
[Round "6.9"]
[White "Sokolov, Andrei"]
[Black "Kadziolka, Beata"]
[Result "1-0"]
[WhiteElo "2572"]
[BlackElo "2285"]
[PlyCount "49"]
[EventDate "2009.10.31"]

1. e4 c5 2. Nf3 d6 3. d4 cxd4 4. Nxd4 Nf6 5. Nc3 a6 6. h3 e6 7. g4 b5 8. Bg2
Bb7 9. O-O b4 10. Nd5 exd5 11. exd5 Be7 12. Nf5 O-O 13. g5 Ne8 14. Qg4 Nd7 15.
Re1 Ne5 16. Qxb4 Bxg5 17. Qxb7 Bf6 18. a4 a5 19. Ra3 Rc8 20. Re2 Rc7 21. Qa6
Nc4 22. Rb3 Qd7 23. Rb8 Be5 24. Qb5 Qxb5 25. Rxb5 1-0

[Event "13. OIBM 2009"]
[Site "Bad Wiessee"]
[Date "2009.11.05"]
[Round "6.10"]
[White "Khenkin, Igor"]
[Black "Forchert, Martin"]
[Result "1-0"]
[WhiteElo "2613"]
[BlackElo "2403"]
[PlyCount "77"]
[EventDate "2009.10.31"]

1. d4 d5 2. c4 c6 3. e3 Bf5 4. Nc3 e6 5. g4 Bg6 6. Nge2 Bd6 7. Qb3 Qb6 8. c5
Qxb3 9. axb3 Bc7 10. b4 Bd3 11. Ra3 Ba6 12. Bd2 Ne7 13. Nc1 Bxf1 14. Kxf1 Nd7
15. b5 O-O 16. f4 b6 17. b4 Rfb8 18. bxc6 Nxc6 19. b5 Na5 20. c6 Nf6 21. g5 Ne8
22. Nd3 Bd6 23. Ra2 Nc7 24. Ke2 a6 25. Rb1 axb5 26. Nxb5 Nxb5 27. Rxb5 Nc4 28.
Rxa8 Rxa8 29. Nb2 Nxb2 30. Rxb2 Bc7 31. e4 f5 32. gxf6 gxf6 33. f5 Kf7 34. exd5
exd5 35. Rb5 Rd8 36. Bb4 Bxh2 37. Rxb6 Rb8 38. Rxb8 Bxb8 39. Ba5 1-0

[Event "13. OIBM 2009"]
[Site "Bad Wiessee"]
[Date "2009.11.06"]
[Round "7.1"]
[White "Iordachescu, Viorel"]
[Black "Boguslavskyy, Oleg"]
[Result "1-0"]
[WhiteElo "2607"]
[BlackElo "2442"]
[PlyCount "65"]
[EventDate "2009.10.31"]

1. e4 d5 2. exd5 Qxd5 3. Nc3 Qd6 4. d4 Nf6 5. Nf3 c6 6. Ne5 Nbd7 7. Nc4 Qc7 8.
Qf3 Nb6 9. Bf4 Qd7 10. Be5 Qg4 11. Qe3 Qe6 12. Nxb6 axb6 13. Be2 Nd7 14. O-O f6
15. Bc7 Qxe3 16. fxe3 g6 17. a4 Bh6 18. Kf2 O-O 19. Bc4+ Kg7 20. Rae1 Re8 21.
Kg1 Ra5 22. b4 Ra8 23. b5 e5 24. Bb3 e4 25. h3 Kh8 26. Bd6 Kg7 27. g4 Bg5 28.
Bg3 h5 29. h4 Bh6 30. gxh5 gxh5 31. Bf4 Bxf4 32. Rxf4 Nf8 33. Nxe4 1-0